Súčasná pozícia čínskeho jüanu v medzinárodnom obchode a financiách bakalárska práca

Salvato in:
Dettagli Bibliografici
Autore principale: Brunovský, Dávid
Ente Autore: Obchodná fakulta EU. Katedra medzinárodného obchodu
Altri autori: Bronček, Juraj
Natura: Libro
Lingua:slovacco
Pubblicazione: Bratislava 2018
Tags: Aggiungi Tag
Nessun Tag, puoi essere il primo ad aggiungerne!!

MARC

LEADER 00000nbm a2200000 4500
001 0245020
005 20180926140403.8
041 0 |a slo 
044 |a SK 
245 1 0 |a Súčasná pozícia čínskeho jüanu v medzinárodnom obchode a financiách  |b bakalárska práca  |c Dávid Brunovský ; školiteľ: Juraj Bronček 
264 1 |a Bratislava  |c 2018 
300 |a 50 s. 
100 1 |a Brunovský, Dávid 
700 1 |a Bronček, Juraj 
710 2 |a Obchodná fakulta EU. Katedra medzinárodného obchodu